KOHA-Header-6

Marketing Communications an Integrated approach (Record no. 9243)

000 -LEADER
fixed length control field 00282nam a2200109Ia 4500
100 ## - MAIN ENTRY--AUTHOR NAME
Personal name Pasmith
245 #0 - TITLE STATEMENT
Title Marketing Communications an Integrated approach
260 ## - PUBLICATION, DISTRIBUTION, ETC. (IMPRINT)
Place of publication New Delhi
Name of publisher Bantam Books
Year of publication 1982
300 ## - PHYSICAL DESCRIPTION
Number of Pages 730
942 ## - ADDED ENTRY ELEMENTS (KOHA)
Koha item type Books
Holdings
Withdrawn status Lost status Permanent Location Current Location Date acquired Full call number Accession Number Koha item type
    MAJU MAJU 2019-09-14 519.51 4771 Books

Powered by Koha